000 00784cab a2200241 4500
001 ABS51839
008 090401t1994 xxu||||| |||| 00| 0 eng d
035 _a(Sirsi) u46173
041 _aeng
100 _aRose, J.
245 2 _aA valuation revolution? Arithmetic v algebra
260 _c1994
350 _a0
490 _aEstates Gazette
_v(9445) 12 November 1994, 141-142(2)
520 _aDiscusses the methodology of valuation and examines an arithmetic based valuation format as a substitute for algebraic calculations. Includes a table showing a valuation format.
650 _aCAPITAL VALUE
650 _aDISCOUNTED CASH FLOW
650 _aMALLINSON REPORT
650 _aVALUATION PROCESS
690 _aRATING AND VALUATION
942 _n0
948 _c04/03/1997
999 _c29218
_d29218